Formel 1 Fahrer zu Helme #2 - Statistiken

Allgemein
  • Dieses Quiz wurde 49 mal gespielt
  • Das Durchschnittsergebnis liegt bei 8 aus 12
Antwortstatistiken
Bildquiz Antwort % Korrekt
Charles Leclerc
98%
Lewis Hamilton
98%
Esteban Ocon
90%
Carlos Sainz
85%
Kevin Magnussen
73%
Andrea Kimi Antonelli
70%
Alexander Albon
60%
Liam Lawson
58%
Logan Sargeant
53%
Romain Grosjean
38%
Zhou Guanyu
25%
Kimi Räikkönen
18%
Keine übereinstimmenden Quizze gefunden
Verteilung der Resultate
Anzahl Personen mit jedem Resultat
Perzentil nach korrekt beantworteten Fragen
Ihre Resultats-Entwicklung
Sie haben dieses Quiz noch nicht gespielt